书目信息 |
| 题名: |
代数
|
|
| 作者: | 前东北人民政府教育部 编 | |
| 分册: | 下册 | |
| 出版信息: | 北京 人民教育出版社 1952.08 |
|
| 页数: | 271页 | |
| 开本: | 19cm | |
| 丛书名: | 初级中学课本 | |
| 单 册: | ||
| 中图分类: | O122.2 | |
| 科图分类: | ||
| 主题词: | 初等数学 | |
| 电子资源: | ||
| ISBN: | ||
| 000 | 00661nam0 2200241 45 | |
| 001 | 0310161431 | |
| 005 | 20031219104119.7 | |
| 010 | @dCNY0.44 | |
| 091 | @a2804 | |
| 100 | @a20031016d19521956km y0chiy0120 ea | |
| 101 | 0 | @achi |
| 105 | @a z 000yy | |
| 200 | 1 | @a代数@ADai Shu@h下册@f前东北人民政府教育部编@FQian Dong Bei Ren Min Zheng Fu Jiao Yu Bu Bian |
| 205 | @a新五版 | |
| 210 | @a北京@c人民教育出版社@d1952.08 | |
| 215 | @a271页@d19cm | |
| 225 | @a初级中学课本 | |
| 410 | @12001 @a初级中学课本 | |
| 606 | 0 | @a初等数学 |
| 690 | @aO122.2@v3 | |
| 701 | 0 | @a前东北人民政府教育部@4编 |
| 801 | @aCN@bTSTC@c20031021 | |
| 905 | @dO122.2@e49:2@b7927@f1 | |
| 代数.下册/前东北人民政府教育部编.-新五版.-北京:人民教育出版社,1952.08 |
| 271页;19cm.-(初级中学课本) |
| ISBN :CNY0.44 |
| ● |
| 相关链接 |
|
|
|
|
正题名:代数
索取号:O122.2/49:2
 
预约/预借
| 序号 | 登录号 | 条形码 | 馆藏地/架位号 | 状态 | 备注 |
| 1 | 0007927 | 001679008 | 密集书库/ [索取号:O122.2/49:2] | 在馆 |